000 00493cam a2200193ua 4500
001 3244
005 20260515113643.0
008 111013n ii |||gr||||Z||||||asm
040 _cMAIN
082 _a891.4513
100 1 _aBhattacharyya, Birendra Kumar,
_eAuthor.
245 1 1 _aKalang ajio bai
_cby Birendra Kumar Bhattacharyya
250 _a2nd.
260 _aTihu:
_bChandra Prakash,987.
300 _a181p:
_c23cm.
653 _aAssamese novel
653 _aKalang ajio bai
942 _cBK
999 _c3087
_d3087